001022446 001__ 1022446 001022446 005__ 20251128054534.0 001022446 020__ $$a3-662-71644-5 001022446 020__ $$a978-3-662-71644-1 001022446 020__ $$a978-3-662-71645-8 001022446 020__ $$a9783662716441 001022446 0247_ $$2DOI$$a10.1007/978-3-662-71645-8 001022446 0247_ $$2K10Plus$$aK10Plus:1926280385 001022446 037__ $$aRWTH-2025-10030 001022446 041__ $$aGerman 001022446 1001_ $$0P:(DE-82)IDM00295$$aFrenz, Walter$$b0$$eCorresponding author$$urwth 001022446 245__ $$aHandbuch Europarecht$$cWalter Frenz$$honline, print$$n5/I: Rechtswirkungen und Rechtsquellen 001022446 250__ $$a2. Auflage 001022446 260__ $$aBerlin$$bSpringer$$c2025 001022446 300__ $$aXXXIV, 752 Seiten 001022446 3367_ $$01$$2EndNote$$aBook 001022446 3367_ $$0PUB:(DE-HGF)3$$2PUB:(DE-HGF)$$aBook$$bbook$$mbook 001022446 3367_ $$2BibTeX$$aBOOK 001022446 3367_ $$2DRIVER$$abook 001022446 3367_ $$2DataCite$$aOutput Types/Book 001022446 3367_ $$2ORCID$$aBOOK 001022446 588__ $$aDataset connected to K10Plus 001022446 591__ $$aGermany 001022446 909CO $$ooai:publications.rwth-aachen.de:1022446$$pVDB 001022446 9101_ $$0I:(DE-588b)36225-6$$6P:(DE-82)IDM00295$$aRWTH Aachen$$b0$$kRWTH 001022446 9141_ $$y2025 001022446 9201_ $$0I:(DE-82)511220_20140620$$k511220$$lLehr- und Forschungsgebiet Berg-, Umwelt- und Europarecht$$x0 001022446 9201_ $$0I:(DE-82)510000_20140620$$k510000$$lFachgruppe für Rohstoffe und Entsorgungstechnik$$x1 001022446 961__ $$c2025-11-26T11:01:08.140579$$x2025-11-26T11:01:08.140579$$z2025-11-26 001022446 980__ $$aI:(DE-82)510000_20140620 001022446 980__ $$aI:(DE-82)511220_20140620 001022446 980__ $$aUNRESTRICTED 001022446 980__ $$aVDB 001022446 980__ $$abook